Normas Internacionales de Información Financiera (Registro nro. 3698)
[ vista simple ]
| 000 -CABECERA | |
|---|---|
| campo de control de longitud fija | 00761nam a22002417a 4500 |
| 005 - FECHA Y HORA DE ACTUALIZACIÓN | |
| campo de control | 20160822115321.0 |
| 008 - LONGITUD FIJA | |
| campo de control de longitud fija | 150305b xxu||||| |||| 00| 0 spa d |
| 020 ## - INTERNATIONAL STANDARD BOOK NUMBER | |
| Número Internacional Estándar del Libro | 9786078331802 |
| 041 ## - IDIOMA | |
| Código de idioma del texto/pista de sonido o título separado | |
| 082 ## - CLASIFICACIÓN DECIMAL DEWEY | |
| Número de clasificación | 657 N851m |
| 245 ## - TÍTULO PROPIAMENTE DICHO | |
| Título | Normas Internacionales de Información Financiera |
| 260 ## - PIE DE IMPRENTA | |
| Lugar de publicación, distribución, etc. | México |
| Nombre del editor, distribuidor, etc. | Instituto Méxicano de Contadores Públicos |
| Fecha de publicación, distribución, etc. | 2013 |
| 500 ## - NOTA GENERAL | |
| Nota general | Parte A y Parte B |
| 650 ## - Materia General | |
| Materia general | CONTABILIDAD |
| 650 ## - Materia General | |
| Materia general | NORMAS INTERNACIONALES DE INFORMACION |
| 650 ## - Materia General | |
| Materia general | ESTADOS FINANCIERAS |
| 650 ## - Materia General | |
| Materia general | INSTRUMENTOS DE CAPITAL |
| 650 ## - Materia General | |
| Materia general | PASIVOS |
| 650 ## - Materia General | |
| Materia general | ACTIVOS |
| 650 ## - Materia General | |
| Materia general | NORMAS INTERNACIONALES DE CONTABILIDAD |
| 650 ## - Materia General | |
| Materia general | OTRO RESULTADO INTEGRAL |
| 942 ## - Punto de Acceso Adicional Koha | |
| Tipo de ítem Koha | Libro |
| Estado perdido | Estado dañado | No para préstamo | Biblioteca permanente | Biblioteca actual | Signatura completa | Código de barras | Precio efectivo a partir del | Tipo de ítem |
|---|---|---|---|---|---|---|---|---|
| Departamento de Biblioteca y Documentación Alfonso Chase Brenes | Departamento de Biblioteca y Documentación Alfonso Chase Brenes | 657 N851m | 18827 | 23/05/2016 | Libro | |||
| Departamento de Biblioteca y Documentación Alfonso Chase Brenes | Departamento de Biblioteca y Documentación Alfonso Chase Brenes | 657 N851m | 18828 | 23/05/2016 | Libro |